Príručka o európskom práve v oblasti azylu, hraníc a imigrácie vydanie 2014

Salvato in:
Dettagli Bibliografici
Enti autori: European Union Agency for Fundamental Rights, Council of Europe
Natura: Libro
Lingua:slovacco
Pubblicazione: Luxembourg Úrad pre vydávanie publikácií Európskej únie 2015
Soggetti:
Tags: Aggiungi Tag
Nessun Tag, puoi essere il primo ad aggiungerne!!

MARC

LEADER 00000nam a2200000 4500
001 0251371
005 20240313133418.6
020 |a 978-92-871-9926-3 
020 |a 978-92-9239-513-1 
041 0 |a slo 
044 |a LU 
245 1 0 |a Príručka o európskom práve v oblasti azylu, hraníc a imigrácie  |b vydanie 2014 
264 1 |a Luxembourg  |b Úrad pre vydávanie publikácií Európskej únie  |c 2015 
300 |a 263 s. 
610 2 0 |a právo európske 
610 2 0 |a azyl 
610 2 0 |a hranice štátne 
610 2 0 |a imigrácia 
610 2 0 |a obchod 
610 2 0 |a legislatíva 
610 2 0 |a manželstvo 
610 2 0 |a legalizácia 
610 2 0 |a sloboda 
610 2 0 |a pohyb 
610 2 0 |a právo hospodárske 
610 2 0 |a právo sociálne 
610 2 0 |a starostlivosť zdravotná 
610 2 0 |a Európa 
110 2 |a European Union Agency for Fundamental Rights 
710 2 |a Council of Europe